书目信息 |
| 题名: |
体育运动史
|
|
| 作者: | 颜绍泸 , 周西宽 著 | |
| 分册: | ||
| 出版信息: | 北京 人民体育出版社 1990.09 |
|
| 页数: | 644页 | |
| 开本: | 19cm | |
| 丛书名: | ||
| 单 册: | ||
| 中图分类: | G811.9 | |
| 科图分类: | ||
| 主题词: | 体育事业--世界 | |
| 电子资源: | ||
| ISBN: | 7-5009-0485-1 | |
| 000 | 00584nam0 2200205 45 | |
| 001 | 0405081047 | |
| 005 | 20040508103032.3 | |
| 010 | @a7-5009-0485-1@dCNY13.00 | |
| 100 | @a20040508d1990 km y0chiy0120 ea | |
| 101 | 0 | @achi |
| 105 | @a z 000yy | |
| 200 | 1 | @a体育运动史@ATi Yu Yun Dong Shi@f颜绍泸,周西宽著@FYan Shao Lu,Zhou Xi Kuan Zhu |
| 210 | @a北京@c人民体育出版社@d1990.09 | |
| 215 | @a644页@c照片@d19cm | |
| 606 | 0 | @a体育事业@x世界 |
| 690 | @aG811.9@v3 | |
| 701 | 0 | @a颜绍泸@4著 |
| 701 | 0 | @a周西宽@4著 |
| 801 | @aCN@bTSTCL@c20040508 | |
| 905 | @f2@b231338-339@dG811.9@e14 | |
| 体育运动史/颜绍泸,周西宽著.-北京:人民体育出版社,1990.09 |
| 644页:照片;19cm |
| ISBN 7-5009-0485-1:CNY13.00 |
| ● |
| 相关链接 |
|
|
|
|
正题名:体育运动史
索取号:G811.9/14
 
预约/预借
| 序号 | 登录号 | 条形码 | 馆藏地/架位号 | 状态 | 备注 |
| 1 | 0231338 | 000298699 | 密集书库/ [索取号:G811.9/14] | 在馆 | |
| 2 | 0231339 | 000298760 | 密集书库/ [索取号:G811.9/14] | 在馆 | |
| 3 | 0231340 | 000298706 | 第一样本阅览室/ [索取号:G811.9/14] | 在馆 |